| 000 | 00989nam a2200265Ia 4500 | ||
|---|---|---|---|
| 003 | OSt | ||
| 005 | 20220923211602.0 | ||
| 006 | a|||||r|||| 00| 0 | ||
| 007 | ta | ||
| 008 | 220922b |||||||| |||| 00| 0 san d | ||
| 020 |
_a9789387195653 (hbk) _c595 |
||
| 024 | _a353,127 | ||
| 037 |
_b258, 18/12/2019, Eastern Book Linkers _cTextual |
||
| 040 |
_aARTS _cARTS _bsan |
||
| 041 |
_2san _asan |
||
| 082 | _aR691, 152Q9 | ||
| 100 |
_aमिश्र, पंकज कुमार, ले. _9160877 |
||
| 245 | 0 |
_aचार्वाक _b स्वरू व्याख्या सहित |
|
| 246 | _aChārvāka: svarū vyākhyā sahita | ||
| 260 |
_aदिल्ली _b शिवालिक प्रकाशन _c2019 |
||
| 300 |
_a223पृ0 _ccm. |
||
| 650 | _aभारतीय दर्शन | ||
| 942 |
_hR691, 152Q9 _cTEXL _2CC |
||
| 999 |
_c301058 _d301058 |
||